000 00435 a2200145 4500
020 _a8495349299
082 _a863.32
_bC419t
100 _aMiguel de Cervantes Saavedra
_9393
245 _aLos trabajos de Persiles y Sigismunda,
_bhistoria setentrional
260 _aZaragoza, Espaą
_bAneto Publicaciones
_c2005
300 _a160p
_c18cm
440 _aObras completas
_vVol. 1
_9394
650 _aLiteratura espaǫla
_9395
650 _anovela
_9396
999 _c79
_d79